000 00418nam a2200181Ia 4500
008 230524s9999 xx 000 0 und d
020 _a812591160X
082 _a5.3
_bLIT
100 _aMaria Litvin
245 0 _aProgramming in C++
250 _a1ST
260 _aNEW DELHI
_bVikas
_c2003
300 _aXVII;A.5-8
500 _aQuantity Number: 2
650 _aComp-Sc
700 _a Gary Litvin
942 _cBK
999 _c22419
_d22419